000 00274nam a2200109Ia 4500
008 220204s9999 xx 000 0 und d
082 _a82-3
_bALE
100 _aAlexander, Patrick
245 0 _aSoldier on the other side
260 _aGreat Britain
_bFutura
_c1983
942 _cBK
999 _c38792
_d38792